01240nam a2200337 i 4500003001000000005001700010007000300027008004100030020001800071040003500089041000800124043001200132084001100144100005000155245010600205250002200311264005300333300004700386336002700433337003300460338002800493500005500521521006200576650004300638650005600681650005700737650003400794700004100828942001600869999001700885CO-BoRNBP20250604154729.0ta141031s2007 ck a br 000 jdspa d a9789583007231 aCO-BoRNBPbspaerdacCO-BoRNBP0 aspa as-ck--- aC ESC11 aEscobar Giraldo, Octavio,d1962-eautor9254214aLas láminas más difíciles del álbumcOctavio Escobar Giraldo ; ilustrado por Giovanni Cabrera aPrimera edición 1aBogotá, ColombiabPanamericana Editorialc2007 a78 páginasbilustraciones a colorc23 cm atextobtxt2rdacontent asin mediaciónbn2rdamedia avolumenbnc2rdacarrier aIncluye datos biográficos del autor en la solapa1 aRecomendado para un público infantil mayor de 8 años.00aInfancia en la literatura2LEMB95953500aLiteratura infantil colombianaySiglo XX2LEMB936400aCuentos infantiles colombianosySiglo XX2LEMB9237200aAutores colombianos2LEMB9321 aCabrera, Giovannieilustrador959536 2loccBKLITI c57130d57130